<?xml version="1.0" encoding="UTF-8"?><?xml-stylesheet type="text/xsl" href="static/style.xsl"?><OAI-PMH xmlns="http://www.openarchives.org/OAI/2.0/" xmlns:xsi="http://www.w3.org/2001/XMLSchema-instance" xsi:schemaLocation="http://www.openarchives.org/OAI/2.0/ http://www.openarchives.org/OAI/2.0/OAI-PMH.xsd"><responseDate>2026-04-13T01:09:04Z</responseDate><request verb="GetRecord" identifier="oai:www.recercat.cat:10256/2119" metadataPrefix="marc">https://recercat.cat/oai/request</request><GetRecord><record><header><identifier>oai:recercat.cat:10256/2119</identifier><datestamp>2024-11-20T08:39:58Z</datestamp><setSpec>com_2072_452971</setSpec><setSpec>com_2072_2054</setSpec><setSpec>col_2072_452974</setSpec></header><metadata><record xmlns="http://www.loc.gov/MARC21/slim" xmlns:dcterms="http://purl.org/dc/terms/" xmlns:xsi="http://www.w3.org/2001/XMLSchema-instance" xmlns:doc="http://www.lyncode.com/xoai" xsi:schemaLocation="http://www.loc.gov/MARC21/slim http://www.loc.gov/standards/marcxml/schema/MARC21slim.xsd">
   <leader>00925njm 22002777a 4500</leader>
   <datafield ind2=" " ind1=" " tag="042">
      <subfield code="a">dc</subfield>
   </datafield>
   <datafield ind2=" " ind1=" " tag="720">
      <subfield code="a">Brusi i Belmonte, David</subfield>
      <subfield code="e">author</subfield>
   </datafield>
   <datafield ind2=" " ind1=" " tag="260">
      <subfield code="c">1990</subfield>
   </datafield>
   <datafield ind2=" " ind1=" " tag="520">
      <subfield code="a">Ressenya de l' obra d'en Josep Duran i Carpintero, 'Itineraris geológics per la Costa Brava' i editada pel Consorci de la Costa Brava l'any 1989. El llibre inclou 8 itineraris per la Costa Brava, cadascun d' ells amb una fitxa tècnica amb informació pel docent o visitant, una descripció geològica i activitats i qüestions per a l'alumne</subfield>
   </datafield>
   <datafield tag="653" ind2=" " ind1=" ">
      <subfield code="a">Costa Brava (Catalunya) -- Ressenyes de llibres</subfield>
   </datafield>
   <datafield tag="653" ind2=" " ind1=" ">
      <subfield code="a">Costa Brava (Catalonia) -- Book reviews</subfield>
   </datafield>
   <datafield ind2="0" ind1="0" tag="245">
      <subfield code="a">La Costa Brava amb uns altres ulls</subfield>
   </datafield>
</record></metadata></record></GetRecord></OAI-PMH>